Good urbanism : (Record no. 14171)

000 -LEADER
fixed length control field 00664cam a2200205 a 4500
003 - CONTROL NUMBER IDENTIFIER
control field OSt
005 - DATE AND TIME OF LATEST TRANSACTION
control field 20260214160534.0
008 - FIXED-LENGTH DATA ELEMENTS--GENERAL INFORMATION
fixed length control field 120607s2013 dcua b 001 0 eng
020 ## - INTERNATIONAL STANDARD BOOK NUMBER
International Standard Book Number 9781610913744
Qualifying information pbk. : alk. paper
082 00 - DEWEY DECIMAL CLASSIFICATION NUMBER
Classification number 307.1/216
Edition number 23
100 1# - MAIN ENTRY--PERSONAL NAME
Personal name Ellin, Nan.
245 10 - TITLE STATEMENT
Title Good urbanism :
Remainder of title six steps to creating prosperous places /
Statement of responsibility, etc Nan Ellin.
260 ## - PUBLICATION, DISTRIBUTION, ETC. (IMPRINT)
Place of publication, distribution, etc Washington :
Name of publisher, distributor, etc Island Press,
Date of publication, distribution, etc c2013.
300 ## - PHYSICAL DESCRIPTION
Extent xv, 164 p. :
Other physical details ill. ;
Dimensions 24 cm.
490 0# - SERIES STATEMENT
Series statement Metropolitan planning + design
504 ## - BIBLIOGRAPHY, ETC. NOTE
Bibliography, etc Includes bibliographical references (p. 143-155) and index.
650 #0 - SUBJECT ADDED ENTRY--TOPICAL TERM
Topical term or geographic name as entry element City planning.
650 #0 - SUBJECT ADDED ENTRY--TOPICAL TERM
Topical term or geographic name as entry element Community development, Urban.
942 ## - ADDED ENTRY ELEMENTS (KOHA)
Source of classification or shelving scheme
Holdings
Withdrawn status Lost status Source of classification or shelving scheme Damaged status Koha normalized classification for sorting Not for loan Permanent location Current location Shelving location Date acquired Full call number Barcode Date last seen Price effective from Koha item type
        307_100000000000000_216   BMS College of Architecture, Design and Planning BMS College of Architecture, Design and Planning General Stacks 2025-12-18 307.1/216 AR-RD308 2026-02-10 2026-02-10 R&D Books
        307_100000000000000_216   BMS College of Architecture, Design and Planning BMS College of Architecture, Design and Planning General Stacks 2025-12-03 307.1/216 AR-UG5035 2026-02-10 2026-02-10 B.PLAN
Copyright © 2025, The Librarian, Library and Information Centre, BMSCA D&P, Bengaluru. All Rights Reserved
web counter

Powered by Koha